| 000 | 00407 a2200157 4500 | ||
|---|---|---|---|
| 020 | _a0-00-616651-2 | ||
| 040 |
_aDLC _bDLC |
||
| 082 | _a823.912 | ||
| 082 | _a823.912 | ||
| 100 | 1 | _aChristie, Agatha, | |
| 245 | 0 | 4 |
_aThe mysterious Mr Quin. _cChristie, Agatha |
| 260 |
_aLondon : _bHarperCollins, _c1996 |
||
| 300 |
_a256p. ; _c18 cm |
||
| 650 | 7 |
_aEnglish fiction _y20th century |
|
| 942 |
_cBK _k823.912 CHR _2ddc |
||
| 999 |
_c4925 _d4925 |
||